Loreto College Library, Kolkata
WEBOPAC (ONLINE PUBLIC ACCESS CATALOGUE)

Social problems in India (Record no. 36272)

MARC details
000 -LEADER
fixed length control field 00523nam a2200205Ia 4500
005 - DATE AND TIME OF LATEST TRANSACTION
control field 20240216110232.0
008 - FIXED-LENGTH DATA ELEMENTS--GENERAL INFORMATION
fixed length control field 131103s9999 xx 000 0 und d
020 ## - ISBN | অাই এস বি এন
ISBN | অাই এস বি এন 8170334128
PRICE 750.00
040 ## - CATALOGING SOURCE
Original cataloging agency Loreto College
041 ## - LANGUAGE CODE
Language code English
082 ## - DDC | ডিউই
Classification number | বর্গসংখ্যা 361.10954
Book Number | গ্রন্থাঙ্ক AHU
100 ## - MAIN ENTRY--PERSONAL NAME | মুখ্য সংলেখ - ব্যাক্তিনাম
Personal name | ব্যাক্তিনাম Ahuja,Ram
245 ## - TITLE STATEMENT | অাখ্যা বিবরণী
Title | অাখ্যা Social problems in India
Statement of responsibility | লেখকের দায়িত্বের বিবরণ Ram Ahuja
260 ## - IMPRINT | প্রকাশনা ক্ষেত্র
Place of publication | প্রকাশ স্থান Jaipur
Name of publisher | প্রকাশকের নাম Rawat Publications
Date of publication | প্রকাশ কাল 2009
300 ## - PHYSICAL DESCRIPTION |
Page / Vol. No | পৃষ্ঠা / খন্ড সংখ্যা xii,508p
504 ## - BIBLIOGRAPHY, ETC. NOTE
Bibliography, etc Includes index
650 ## - SUBJECT ADDED ENTRY--TOPICAL TERM | বিষয় শিরোনাম - মূল বিষয়
Topical term | মূল বিষয় Social problems - India
850 ## - HOLDING INSTITUTION
Holding institution LCLIB
942 ## - ADDED ENTRY ELEMENTS (KOHA)
Koha item type Books
Holdings
Withdrawn status Lost status Source of classification Damaged status Not for loan Home library Current library Shelving location Date acquired Total Checkouts Full call number Accession No. Date last seen Price effective from Koha item type Coded location qualifier Date checked out
    Dewey Decimal Classification     Loreto College Loreto College Seminar Library 04/11/2013   361.10954 AHU 47803 B39246 04/11/2013 04/11/2013 Books    
    Dewey Decimal Classification     Loreto College Loreto College   04/11/2013 13 361.10954 AHU 47804 B39247 17/01/2020 04/11/2013 Books   17/01/2020